BANDAS DE ROCK / GUITARRISTAS - Estadísticas

Estadísticas generales
  • Esta prueba ha sido intentada 440 veces
  • La puntuación promedio es 16 de 28
Estadísticas de respuestas
Hint Respuesta % Correcto
Kurt Cobain nirvana
96%
George Harrison the beatles
93%
angus young acdc
90%
Brian May queen
86%
Eddie Van Halen van halen
82%
slash guns n roses
81%
james hetfield metallica
79%
Jimmy Page led zeppelin
77%
Johnny Ramone ramones
76%
David Gilmour pink floyd
70%
Tony Iommi black sabbath
63%
Dave Mustaine megadeth
58%
Mark Knopfler dire straits
57%
John Frusciante red hot chilli peppers
55%
Tom Morello rage against the machine
53%
Joe Perry aerosmith
51%
Pete Townshend the who
51%
ace frehley kiss
49%
Dimebag Darrell pantera
48%
Ritchie Blackmore deep purple
47%
Dave Murray iron maiden
40%
Andy Summers the police
36%
Robby Krieger the doors
34%
Billy Gibbons zz top
30%
zakk wylde black label society
26%
Jonny Greenwood radiohead
24%
Steve Jones sex pistols
23%
Peter Buck rem
16%
No se encontraron pruebas coincidentes
Distribución de puntuación
Porcentaje de gente con cada puntuación
Porcentaje por número respondido
Historial de tus puntuaciones
No has intentado esta prueba.